[Event "Santa Margalida Mallorca-ch"]
[Site "Santa Margalida"]
[Date "2016.11.12"]
[Round "2"]
[White "Juan Bonnin, Jaime"]
[Black "Peralta Martinez, Antonio"]
[Result "0-1"]
[WhiteElo "1524"]
[BlackElo "1728"]
[PlyCount "90"]
[EventDate "2016.11.11"]
[EventType "swiss"]
[EventRounds "8"]
[EventCountry "ESP"]
[SourceTitle "EXT 2018"]
[Source "ChessBase"]
[SourceDate "2017.10.13"]
[SourceVersion "1"]
[SourceVersionDate "2017.10.13"]
[SourceQuality "1"]

1. e4 e5 2. Nf3 Nc6 3. Bc4 Bc5 4. Nc3 Nf6 5. 0-0 0-0 6. d3 d6 7. h3 Be6 8. Bxe6 fxe6 9. Be3 Bb6 10. Bxb6 axb6 11. Ne2 Qe8 12. Ng3 Qg6 13. Qd2 Nh5 14. Nxh5 Qxh5 15. Qg5 Qf7 16. c3 Ne7 17. Qg4 h6 18. a3 Ng6 19. Nh4 Nf4 20. Rad1 g5 21. g3 Kh7 22. gxf4 gxh4 23. Kh2 Qxf4+ 24. Qxf4 Rxf4 25. Rd2 Rf3 26. Rg1 Raf8 27. Rg2 b5 28. d4 exd4 29. cxd4 R8f4 30. e5 d5 31. Rc2 c6 32. Rd2 Rb3 33. Rg4 Rxg4 34. hxg4 Kg6 35. f4 h5 36. gxh5+ Kxh5 37. Rg2 Rd3 38. Rg5+ Kh6 39. Rg4 Rxd4 40. Rxh4+ Kg6 41. Rg4+ Kf7 42. Kh3 Re4 43. Rh4 d4 44. Rh7+ Ke8 45. Kg4 d3 0-1